HISTORIA Y MONUMENTOS DEL ESTADO QUERÉTARO (Registro nro. 68685)

Detalles MARC
000 -CABECERA
campo de control de longitud fija 01130nam a22002897a 4500
005 - FECHA Y HORA DE LA ÚLTIMA TRANSACCIÓN
campo de control 20260704182635.0
008 - DATOS DE LONGITUD FIJA--INFORMACIÓN GENERAL
campo de control de longitud fija 260627e2011 mx o|||gr|||| 001 0 spa d
020 ## - NÚMERO INTERNACIONAL ESTÁNDAR DEL LIBRO
Número Internacional Estándar del Libro 968-6510-29-4
040 ## - FUENTE DE LA CATALOGACIÓN
Centro catalogador/agencia de origen BPGM
Lengua de catalogación SPA
041 ## - CÓDIGO DE LENGUA
Código de lengua del texto/banda sonora o título independiente SPA
Código de lengua original SPA
082 04 - NÚMERO DE LA CLASIFICACIÓN DECIMAL DEWEY
Número de clasificación CQ / 972.45
Número de documento/Ítem A75
100 ## - ENTRADA PRINCIPAL--NOMBRE DE PERSONA
Nombre de persona ARMAS BRIZ, LUZ AMELIA
240 ## - TÍTULO UNIFORME
Título uniforme HISTORIA Y MONUMENTOS DEL ESTADO DE QUERÉTARO
245 ## - MENCIÓN DE TÍTULO
Título HISTORIA Y MONUMENTOS DEL ESTADO QUERÉTARO
260 ## - PUBLICACIÓN, DISTRIBUCIÓN, ETC.
Lugar de publicación, distribución, etc. México
Nombre del editor, distribuidor, etc. Gobierno del Estado de Querétaro , FONDO EDITORIAL DE QUERÉTARO
Fecha de publicación, distribución, etc. 2011
300 ## - DESCRIPCIÓN FÍSICA
Extensión 318 PÁGINAS
Dimensiones 20.9 CM x 13.9 CM
336 ## - TIPO DE CONTENIDO
Fuente rdacontent
Término de tipo de contenido texto
Código de tipo de contenido txt
337 ## - TIPO DE MEDIO
Fuente rdamedia
Nombre/término del tipo de medio sin mediación
Código del tipo de medio n
338 ## - TIPO DE SOPORTE
Fuente rdacarrier
Nombre/término del tipo de soporte volumen
Código del tipo de soporte nc
505 ## - NOTA DE CONTENIDO CON FORMATO
Nota de contenido con formato Ofrece una revisión histórica del estado con el objetivo de contextualizar sus monumentos y patrimonio cultural, organizando la información por regiones y cronologías.
650 ## - PUNTO DE ACCESO ADICIONAL DE MATERIA--TÉRMINO DE MATERIA
Fuente del encabezamiento o término GEOGRAFIA E HISTORIA
650 ## - PUNTO DE ACCESO ADICIONAL DE MATERIA--TÉRMINO DE MATERIA
Fuente del encabezamiento o término HISTORIA GENERAL DE AMERICA DEL NORTE
650 ## - PUNTO DE ACCESO ADICIONAL DE MATERIA--TÉRMINO DE MATERIA
Fuente del encabezamiento o término MESOAMERICA,MEXICO
700 ## - PUNTO DE ACCESO ADICIONAL--NOMBRE DE PERSONA
Nombre de persona SOLÍS HERNÁNDEZ, OLIVIA
Término indicativo de función/relación CO AUTORA
700 ## - PUNTO DE ACCESO ADICIONAL--NOMBRE DE PERSONA
Nombre de persona ZÁRATE MIGUEL, GUADALUPE
Término indicativo de función/relación CO AUTORA
942 ## - ELEMENTOS DE PUNTO DE ACCESO ADICIONAL (KOHA)
Fuente del sistema de clasificación o colocación Dewey Decimal Classification
Tipo de ítem Koha Colección Querétaro
Existencias
Estado de retiro Estado de pérdida Fuente del sistema de clasificación o colocación Estado dañado No para préstamo Código de colección Localización permanente Ubicación/localización actual Ubicación en estantería Fecha de adquisición Fuente de adquisición Total de préstamos Signatura topográfica completa Fecha visto por última vez Número de copia Precio válido a partir de Tipo de ítem Koha
    Dewey Decimal Classification   Préstamo en Sala Colecciones Especiales (Quéretaro, IQM, Idiomas, SEP, Inea.) BIBLIOTECA PÚBLICA CENTRAL ESTATAL “FRANCISCO CERVANTES” BIBLIOTECA PÚBLICA CENTRAL ESTATAL “FRANCISCO CERVANTES” ACCESO "B" PLANTA ALTA 06/27/2026 DONACION   CQ / 972.45 / A75 06/27/2026 EJ. 1 06/27/2026 Colección Querétaro
    Dewey Decimal Classification   Préstamo en Sala Colecciones Especiales (Quéretaro, IQM, Idiomas, SEP, Inea.) BIBLIOTECA PÚBLICA CENTRAL ESTATAL “FRANCISCO CERVANTES” BIBLIOTECA PÚBLICA CENTRAL ESTATAL “FRANCISCO CERVANTES” ACCESO B PLANTA ALTA SALA QUERÉTARO 07/15/2018 DONACIÓN   CQ / 972.45 / A75 06/27/2026 EJ. 2 06/27/2026 Colección Querétaro
    Dewey Decimal Classification   Préstamo en Sala Colecciones Especiales (Quéretaro, IQM, Idiomas, SEP, Inea.) BIBLIOTECA PÚBLICA CENTRAL ESTATAL “FRANCISCO CERVANTES” BIBLIOTECA PÚBLICA CENTRAL ESTATAL “FRANCISCO CERVANTES” ACCESO B PLANTA ALTA SALA QUERÉTARO 07/15/2018 DONACIÓN   CQ / 972.45 / A75 06/27/2026 EJ. 3 06/27/2026 Colección Querétaro
    Dewey Decimal Classification   Préstamo en Sala Colecciones Especiales (Quéretaro, IQM, Idiomas, SEP, Inea.) BIBLIOTECA PÚBLICA CENTRAL ESTATAL “FRANCISCO CERVANTES” BIBLIOTECA PÚBLICA CENTRAL ESTATAL “FRANCISCO CERVANTES” ACCESO B PLANTA ALTA SALA QUERÉTARO 07/15/2018 DONACIÓN   CQ / 972.45 / A75 06/27/2026 EJ. 4 06/27/2026 Colección Querétaro